Boy Girl Movies Quiz Stats

 Plays Quiz Updated Feb 2, 2019

Support Sporcle.
Go Orange.
Score 0/31 Timer 07:00
0 Plays Today
Starring Movie % Correct
Lindsay LohanMean Girls
59.2%
Jennifer HudsonDreamgirls
51.1%
Hugh GrantAbout a Boy
48.8%
Angelina JolieGirl Interrupted
46.2%
Elisha CuthbertThe Girl Next Door
45.2%
Hilary SwankBoys Don't Cry
42.2%
Chris FarleyTommy Boy
41.6%
Macaulay CulkinMy Girl
35.1%
Will SmithBad Boys
34.5%
Ice CubeBoyz N the Hood
32.1%
Barbara Streisand Funny Girl
30.9%
Ben AffleckJersey Girl
28.3%
Drew BarrymoreRiding in Cars with Boys
24.2%
Melanie GriffithWorking Girl
24.1%
Dane CookMy Best Friend's Girl
21.8%
Uma ThurmanMy Super Ex-Girlfriend
20.1%
Starring Movie % Correct
Jason PatricThe Lost Boys
14.7%
Whoopi GoldbergBoys On The Side
14.1%
MadonnaWho's That Girl
13%
Richard DreyfussThe Goodbye Girl
12.2%
Bruce WillisThe Last Boy Scout
11.7%
Natalie PortmanThe Other Boleyn Girl
9.6%
Bette MidlerFor the Boys
9.1%
Helen MirrenCalendar Girls
8.1%
Michael DouglasWonder Boys
7.9%
Robert De NiroThis Boy's Life
7.4%
Jeff BridgesThe Fabulous Baker Boys
6.7%
Geena DavisEarth Girls Are Easy
6.6%
Emile HirschThe Dangerous Lives of Altar Boys
2%
Paul NewmanFat Man and Little Boy
1.9%
Asa ButterfieldThe Boy In The Striped Pajamas
0.7%

From the Vault

Six-Letter Asian Countries

by alinrotundu

Anyone who clicks 'United Arab Emirates' deserves the wrong answer that they'll be getting.
Remove Ads.
Support Sporcle.
Get the best of Sporcle when you Go Orange. This ad-free experience offers more features, more stats, and more fun while also helping to support Sporcle. Thank you for becoming a member.

Show Comments

Extras

Top Quizzes Today


Score Distribution

Your Account Isn't Verified!

In order to create a playlist on Sporcle, you need to verify the email address you used during registration. Go to your Sporcle Settings to finish the process.

Report this User

Report this user for behavior that violates our Community Guidelines.

Details: